A securitastól a szekuritizációig a biztonságtörténet lehetőségei és buktatói /

Elmentve itt :
Bibliográfiai részletek
Szerző: Székely Tamás
Dokumentumtípus: Cikk
Megjelent: 2022
Sorozat:Aetas 37 No. 1
Kulcsszavak:Biztonságtörténet
Tárgyszavak:
Online Access:http://acta.bibl.u-szeged.hu/78095
LEADER 00731nab a2200205 i 4500
001 acta78095
005 20230127080828.0
008 230126s2022 hu o 0|| hun d
022 |a 0237-7934 
040 |a SZTE Egyetemi Kiadványok Repozitórium  |b hun 
041 |a hun 
100 1 |a Székely Tamás 
245 1 2 |a A securitastól a szekuritizációig   |h [elektronikus dokumentum] :  |b a biztonságtörténet lehetőségei és buktatói /  |c  Székely Tamás 
260 |c 2022 
300 |a 130-158 
490 0 |a Aetas  |v 37 No. 1 
650 4 |a Bölcsészettudományok 
650 4 |a Történettudomány és régészet 
695 |a Biztonságtörténet 
856 4 0 |u http://acta.bibl.u-szeged.hu/78095/1/aetas_2022_001_130-158.pdf  |z Dokumentum-elérés